000 01102nam a2200289 i 4500
001 49527
003 ES-MaACL
005 20230906162009.0
007 t|
008 030717s1897 sp ||||1| spa d
080 _a347.135(460)
080 _a347.961(460)
100 1 _aCosta, Joaquín,
_d1846-1911
_941054
245 1 0 _aReforma de la fe pública /
_cpor Joaquín Costa.
250 _a2ª ed. aum.
260 _aMadrid :
_bHijos de Reus,
_c1897 (
_fImp. de la Vda. de M. Minuesa de los Ríos)
300 _a229 p. ;
_c23 cm.
490 1 _aBiblioteca jurídica de autores españoles y extranjeros
530 _aDisponible en formato digital.
650 4 _aFe pública-
_zEspaña.
_912735
650 4 _aNotariado-
_zEspaña.
_9145428
830 1 _aBiblioteca jurídica de autores españoles y extranjeros
_9182228
852 _aES-MaACL
_jF-14601
856 _uhttp://bdh-rd.bne.es/viewer.vm?id=0000134195&page=1
_zBiblioteca Digital Hispánica
856 _uhttps://bibliotecavirtual.aragon.es/es/consulta/registro.do?id=3528
_zBiblioteca Virtual de Aragón
999 _c49527
_d49527